000 01154nam a2200229Ia 4500
999 _c38318
_d38318
001 4328
003 GE_BSU
005 20191008163624.0
008 181216s1972||||ge |||||||||||||| ||geo||
040 _cGE_BSU
041 _ageo
082 _a821.353.1–91–1 ქ–27
245 _aქართული ხალხური პოეზია :
_bტ. 1. ნაკვ. 1.მითოლოგიური ლექსები /
_cტომის შემდგ.: მ. ჩიქოვანი, ნ. შამანაძე ; წინასიტყვ. ავტ.: მ. ჩიქოვანი.
264 _aთბ. :
_bმეცნიერება,
_c1972.
300 _a422 გვ.
_b22 სმ.
501 _aლექსიკონი: გვ.375-88.-საძიებლები: გვ.389-413.
520 _aრეზუმე რუს. და ინგლ. ენ.
653 _aქართული ხალხური პოეზია
700 _aჩიქოვანი, მ.
_eრედაქტორი
_94633
700 _aშამანაძე, ნ.
_eრედაქტორი
_94634
942 _cBK
_2udc